[Event "Manhem IM Swiss (Manhem 90 years)"]
[Site "?"]
[Date "1996.08.17"]
[Round "8"]
[White "Backlund, Anders"]
[Black "Liljedahl, Lennart"]
[Result "1/2-1/2"]
[WhiteElo "2190"]
[BlackElo "2320"]
[PlyCount "83"]
[EventDate "1996.08.12"]
[EventType "swiss"]
[EventRounds "9"]

1. e4 Nf6 2. Nc3 d5 3. e5 Nfd7 4. d4 c5 5. f4 e6 6. Nf3 Nc6 7. Be3 a6 8. Qd2 b5
9. dxc5 Nxc5 10. Qf2 Nd7 11. Bd3 Qc7 12. O-O g6 13. Nd4 Nxd4 14. Bxd4 Qc6 15.
Rae1 Nc5 16. Kh1 b4 17. Nd1 a5 18. Qe3 Ba6 19. Nf2 h5 20. Rc1 Rc8 21. Rfd1 Be7
22. Bxa6 Qxa6 23. c3 b3 24. Nd3 Nxd3 25. Qxd3 Qxd3 26. Rxd3 bxa2 27. Ra1 Rb8
28. Rxa2 O-O 29. Rd1 Rb5 30. Rda1 Bd8 31. Rb1 Bc7 32. Kg1 Rfb8 33. g3 Bb6 34.
Bxb6 R8xb6 35. Kf2 f6 36. exf6 Kf7 37. Ke3 Rc6 38. Kd3 Kxf6 39. Rba1 Rcc5 40.
Re1 Rc4 41. Re2 a4 42. Ra1 1/2-1/2

[Event "Manhem IM Swiss (Manhem 90 years)"]
[Site "?"]
[Date "1996.08.17"]
[Round "8"]
[White "Gullaksen, Eirik"]
[Black "Andersson, Goran"]
[Result "1-0"]
[WhiteElo "2325"]
[BlackElo "2205"]
[PlyCount "75"]
[EventDate "1996.08.12"]
[EventType "swiss"]
[EventRounds "9"]

1. e4 c5 2. Nf3 e6 3. d4 cxd4 4. Nxd4 Nf6 5. Nc3 d6 6. Be3 Be7 7. f3 Nc6 8. Qd2
O-O 9. O-O-O a6 10. g4 Nxd4 11. Bxd4 b5 12. h4 Bb7 13. g5 Nd7 14. Rg1 b4 15.
Ne2 Qa5 16. Kb1 Ne5 17. Qe3 Nc4 18. Qb3 d5 19. Ng3 Qc7 20. e5 Nxe5 21. Nh5 Rfc8
22. Rd2 Bc5 23. Qe3 Nxf3 24. Nf6+ gxf6 25. gxf6+ Kf8 26. Qxf3 Bxd4 27. Rg4 Bxb2
28. Rdg2 Ke8 29. Rg8+ Kd7 30. R8g7 Rf8 31. Kxb2 d4 32. Qh5 Qc3+ 33. Kb1 Qe1+
34. Kb2 Qxf1 35. Rxf7+ Kc6 36. Rgg7 Rxf7 37. Qxf7 Ra7 38. Qxe6+ 1-0

[Event "Manhem IM Swiss (Manhem 90 years)"]
[Site "?"]
[Date "1997.08.17"]
[Round "8"]
[White "Lahlum, Hans Olav"]
[Black "Berg, Bo"]
[Result "1-0"]
[WhiteElo "2230"]
[BlackElo "2090"]
[PlyCount "75"]
[EventDate "1996.08.12"]
[EventType "swiss"]
[EventRounds "9"]

1. d4 e6 2. c4 c5 3. d5 exd5 4. cxd5 d6 5. Nf3 Ne7 6. b3 Bf5 7. Bb2 Be4 8. Nc3
Qa5 9. Qd2 Bxd5 10. O-O-O Be6 11. e4 Nbc6 12. Nb5 Qxd2+ 13. Rxd2 O-O-O 14.
Nxd6+ Kc7 15. Nb5+ Kc8 16. Ng5 Rxd2 17. Kxd2 Ng6 18. Nxe6 fxe6 19. Bc4 Kd7 20.
Ke3 Nge5 21. Rd1+ Ke7 22. Be2 g5 23. Nxa7 Bg7 24. Nxc6+ bxc6 25. Rb1 Ra8 26. a4
c4 27. Bxe5 Bxe5 28. Bxc4 c5 29. Rd1 Rf8 30. Rf1 h5 31. h3 g4 32. hxg4 Bd4+ 33.
Ke2 Rf4 34. gxh5 Rxe4+ 35. Kf3 Rh4 36. a5 Kf8 37. a6 Be5 38. a7 1-0

[Event "Manhem IM Swiss (Manhem 90 years)"]
[Site "?"]
[Date "1996.08.17"]
[Round "8"]
[White "Rychagov, Mikhail"]
[Black "Hellsten, Johan"]
[Result "1/2-1/2"]
[WhiteElo "2495"]
[BlackElo "2490"]
[PlyCount "66"]
[EventDate "1996.08.12"]
[EventType "swiss"]
[EventRounds "9"]

1. e4 c5 2. c3 b6 3. d4 Bb7 4. Nd2 e6 5. Ngf3 cxd4 6. cxd4 Nf6 7. Bd3 d6 8. O-O
Be7 9. Qe2 Nbd7 10. a3 Rc8 11. b4 O-O 12. Bb2 Rc7 13. Rae1 h6 14. Rc1 Rxc1 15.
Bxc1 Qb8 16. Bb2 Rc8 17. Rc1 Rxc1+ 18. Bxc1 Qc8 19. Bb2 a6 20. e5 Nd5 21. Qe4
f5 22. exf6 N7xf6 23. Qe1 Nf4 24. Bb1 Bd5 25. Qe3 g5 26. h3 Qc6 27. Kh2 Kg7 28.
Nf1 Bxf3 29. Qxf3 Qxf3 30. gxf3 d5 31. Bc1 Bd6 32. Bxf4 Bxf4+ 33. Ng3 h5
1/2-1/2

[Event "Manhem IM Swiss (Manhem 90 years)"]
[Site "?"]
[Date "1996.08.17"]
[Round "8"]
[White "Zolnierowicz, Krzystof"]
[Black "Hultin, Johan"]
[Result "1-0"]
[WhiteElo "2360"]
[BlackElo "2335"]
[PlyCount "65"]
[EventDate "1996.08.12"]
[EventType "swiss"]
[EventRounds "9"]

1. Nf3 c5 2. g3 Nc6 3. Bg2 g6 4. O-O Bg7 5. c3 e5 6. d4 exd4 7. cxd4 cxd4 8.
Na3 Nge7 9. Nb5 Nf5 10. g4 a6 11. gxf5 axb5 12. Bg5 Bf6 13. Bxf6 Qxf6 14. Qd3
d6 15. Qxb5 Ra5 16. Qb6 Rxf5 17. Rad1 Rc5 18. b4 Rh5 19. Nxd4 Qf4 20. h3 Rxh3
21. Rfe1 Qh2+ 22. Kf1 O-O 23. Nxc6 bxc6 24. Qxc6 Rh5 25. Qxd6 Qh4 26. Rd4 Qg5
27. Red1 Bh3 28. Qg3 Qf5 29. Rd5 Bxg2+ 30. Qxg2 Qe6 31. Rxh5 Qxa2 32. Rhd5 Qb3
33. Rd8 1-0

[Event "Manhem IM Swiss (Manhem 90 years)"]
[Site "?"]
[Date "1996.08.17"]
[Round "8"]
[White "Pisulinski, Jan"]
[Black "Svensson, Bengt"]
[Result "1/2-1/2"]
[WhiteElo "2400"]
[BlackElo "2405"]
[PlyCount "40"]
[EventDate "1996.08.12"]
[EventType "swiss"]
[EventRounds "9"]

1. d4 d5 2. c4 c6 3. Nc3 Nf6 4. Nf3 e6 5. e3 Nbd7 6. Qc2 Bd6 7. Be2 O-O 8. O-O
b6 9. Rd1 Bb7 10. e4 dxe4 11. Ng5 Qc7 12. g3 e5 13. Ncxe4 Nxe4 14. Qxe4 Nf6 15.
Qh4 exd4 16. Bd3 g6 17. Nf3 c5 18. Qxf6 Be7 19. Qe5 Bd6 20. Qf6 Be7 1/2-1/2

[Event "Manhem IM Swiss (Manhem 90 years)"]
[Site "?"]
[Date "1996.08.17"]
[Round "8"]
[White "Nei, Iivo"]
[Black "Ivanov, Michail"]
[Result "1-0"]
[WhiteElo "2380"]
[BlackElo "2465"]
[PlyCount "33"]
[EventDate "1996.08.12"]
[EventType "swiss"]
[EventRounds "9"]

1. d4 Nf6 2. Bg5 c5 3. Nc3 Qb6 4. dxc5 Qxb2 5. Na4 Qb4+ 6. c3 Qa5 7. Bxf6 gxf6
8. Qb3 Na6 9. e3 Nxc5 10. Nxc5 Qxc5 11. Nf3 b6 12. Rd1 e6 13. Be2 Bb7 14. O-O
Rg8 15. Rd4 Bd5 16. Qc2 f5 17. Rfd1 {Rest of moves inlegible.} 1-0

[Event "Manhem IM Swiss (Manhem 90 years)"]
[Site "?"]
[Date "1996.08.17"]
[Round "8"]
[White "Vark, Liina"]
[Black "Wikstrom, Per"]
[Result "1/2-1/2"]
[WhiteElo "2040"]
[BlackElo "2145"]
[PlyCount "32"]
[EventDate "1996.08.12"]
[EventType "swiss"]
[EventRounds "9"]

1. d4 d5 2. c4 c6 3. e3 Nf6 4. Nf3 e6 5. Nc3 Nbd7 6. Be2 Bd6 7. O-O O-O 8. Qc2
Re8 9. Rd1 Qc7 10. e4 e5 11. c5 Bf8 12. exd5 exd4 13. dxc6 dxc3 14. cxd7 Bxd7
15. bxc3 Bxc5 16. Bb2 Rad8 1/2-1/2

[Event "Manhem IM Swiss (Manhem 90 years)"]
[Site "?"]
[Date "1996.08.18"]
[Round "9"]
[White "Tonning, Erik"]
[Black "Lahlum, Hans Olav"]
[Result "0-1"]
[WhiteElo "2205"]
[BlackElo "2230"]
[PlyCount "140"]
[EventDate "1996.08.12"]
[EventType "swiss"]
[EventRounds "9"]

1. e4 e6 2. d4 d5 3. Nc3 Bb4 4. e5 c5 5. a3 Bxc3+ 6. bxc3 Qc7 7. Qg4 f6 8. Nf3
c4 9. h4 Qf7 10. h5 Nc6 11. Nh4 Nge7 12. f4 Bd7 13. Nf3 Nf5 14. Qh3 O-O-O 15.
g4 Nfe7 16. Be2 h6 17. Be3 g6 18. Kd2 gxh5 19. Qxh5 Qg7 20. Rab1 Rdf8 21. exf6
Qxf6 22. Ne5 Be8 23. Qh4 Qg7 24. Nxc6 Bxc6 25. f5 exf5 26. Bxh6 Qf7 27. Qf2
Rfg8 28. gxf5 Bd7 29. Qf4 Nxf5 30. Bg5 Rxh1 31. Rxh1 Qg6 32. Rh5 Qd6 33. Bf3
Be6 34. Bh6 Rh8 35. Rxf5 Qxf4+ 36. Rxf4 Rxh6 37. Ke3 Rh2 38. Rf6 Kd7 39. Be2
Rh3+ 40. Rf3 Rh2 41. Rf2 Rxf2 42. Kxf2 Bf5 43. Bd1 Kc6 44. Ke3 Be4 45. Kf4 Kb5
46. Ke5 Ka4 47. Bg4 Kxa3 48. Be6 Kb2 49. Bxd5 Bxd5 50. Kxd5 Kxc3 51. Ke5 Kxc2
52. d5 Kb2 53. d6 c3 54. d7 c2 55. d8=Q c1=Q 56. Kf5 Qc5+ 57. Ke4 b5 58. Kf4 b4
59. Qd2+ Kb3 60. Qd1+ Qc2 61. Qf3+ Kb2 62. Qb7 Qf2+ 63. Ke5 b3 64. Qb4 Qb6 65.
Qd2+ Ka3 66. Qc1+ b2 67. Qc3+ Ka2 68. Qc4+ Qb3 69. Qa6+ Qa3 70. Qc4+ Ka1 0-1

[Event "Manhem IM Swiss (Manhem 90 years)"]
[Site "?"]
[Date "1996.08.18"]
[Round "9"]
[White "Wikstrom, Per"]
[Black "Arnelind, Mikael"]
[Result "1/2-1/2"]
[WhiteElo "2145"]
[BlackElo "2140"]
[PlyCount "120"]
[EventDate "1996.08.12"]
[EventType "swiss"]
[EventRounds "9"]

1. d4 Nf6 2. c4 e6 3. Nc3 Bb4 4. Qc2 c5 5. dxc5 Na6 6. a3 Bxc3+ 7. Qxc3 Nxc5 8.
b4 Nce4 9. Qd4 d5 10. e3 O-O 11. Bb2 e5 12. Qd1 Ng4 13. Nh3 Nxe3 14. fxe3 Bxh3
15. Bxe5 Re8 16. Qd4 Qe7 17. Bxg7 dxc4 18. Bf6 Qxf6 19. Qxf6 Nxf6 20. gxh3
Rxe3+ 21. Kd2 Re4 22. Rg1+ Kf8 23. Rg5 Rd8+ 24. Kc2 Nd5 25. Rg3 Ne3+ 26. Kc3 b5
27. a4 a6 28. axb5 axb5 29. Rf3 Nd5+ 30. Kb2 Nxb4 31. Ra7 Re7 32. Ra5 Rb7 33.
Rf5 Rdb8 34. Bg2 Re7 35. Bf1 Reb7 36. Bg2 Re7 37. Bf1 Nd3+ 38. Kc3 Re3 39. Bxd3
Rxh3 40. Raxb5 Rxd3+ 41. Kxc4 Rxb5 42. Rxb5 Rh3 43. Rb2 Re3 44. Kd4 Re6 45. Rf2
f6 46. Kd5 Kf7 47. Kd4 Re5 48. Kd3 f5 49. Ra2 Kf6 50. Rf2 Re7 51. Rg2 f4 52.
Rg8 Kf5 53. Kd2 Re6 54. Rg7 h6 55. Kd3 Re5 56. Rg8 f3 57. Rf8+ Kg4 58. Rf6 Rf5
59. h3+ Kg5 60. Rxf5+ Kxf5 1/2-1/2

[Event "Manhem IM Swiss (Manhem 90 years)"]
[Site "?"]
[Date "1996.08.18"]
[Round "9"]
[White "Zolnierowicz, Krzystof"]
[Black "Brynell, Stellan"]
[Result "1-0"]
[WhiteElo "2360"]
[BlackElo "2445"]
[PlyCount "117"]
[EventDate "1996.08.12"]
[EventType "swiss"]
[EventRounds "9"]

1. e4 e6 2. d4 d5 3. Nc3 Nf6 4. Bg5 Bb4 5. e5 h6 6. Bc1 Ne4 7. Qg4 g6 8. Nge2
c5 9. a3 Bxc3+ 10. Nxc3 Qa5 11. b4 cxb4 12. Nxe4 dxe4 13. Qxe4 Nc6 14. Bc4
bxa3+ 15. Bd2 Qa4 16. Qd3 Nb4 17. Bb5+ Bd7 18. Bxd7+ Kxd7 19. Bxb4 Qxb4+ 20.
Ke2 Rhc8 21. Rhb1 Qc3 22. Rxb7+ Ke8 23. Ra2 Qc6 24. Qb5 Qxb5+ 25. Rxb5 Rc3 26.
Kd2 Rac8 27. Rb3 Rxb3 28. cxb3 h5 29. Rxa3 Rc7 30. Ra5 Kd7 31. Kd3 Rb7 32. Kc4
Rc7+ 33. Rc5 Rb7 34. b4 Rb6 35. Kb3 Rb7 36. Ka4 Rb6 37. Ka5 Rb7 38. b5 Rb6 39.
h4 Kd8 40. g3 Kd7 41. Rc3 Rb7 42. Rc6 Ke7 43. Ka6 Rd7 44. Rc8 Rxd4 45. Kxa7 Rd5
46. b6 Ra5+ 47. Kb8 Rxe5 48. b7 Re2 49. Rc7+ Kd8 50. Rxf7 Ra2 51. Rf3 Kd7 52.
Rd3+ Ke7 53. f4 Ra1 54. Rd4 Ra3 55. Kc7 Rc3+ 56. Kb6 Rb3+ 57. Ka6 Rb1 58. Ra4
Kd7 59. Ka7 1-0

[Event "Manhem IM Swiss (Manhem 90 years)"]
[Site "?"]
[Date "1996.08.18"]
[Round "9"]
[White "Furhoff, Johan"]
[Black "Elsness, Frode"]
[Result "1/2-1/2"]
[WhiteElo "2330"]
[BlackElo "2350"]
[PlyCount "100"]
[EventDate "1996.08.12"]
[EventType "swiss"]
[EventRounds "9"]

1. e4 Nf6 2. e5 Nd5 3. d4 d6 4. Nf3 dxe5 5. Nxe5 g6 6. Bc4 c6 7. Nd2 Bg7 8. O-O
O-O 9. Ne4 Nd7 10. f4 Nxe5 11. fxe5 Bf5 12. Ng3 Be6 13. Bb3 Nc7 14. c3 c5 15.
dxc5 Qxd1 16. Rxd1 Bxe5 17. Be3 Rfd8 18. Ne2 a6 19. Bd4 Bxb3 20. axb3 Bxd4+ 21.
Nxd4 e5 22. Nf3 f6 23. Nd2 Ne6 24. b4 Kf7 25. Nc4 Rxd1+ 26. Rxd1 Rd8 27. Rd6
Ke7 28. Rb6 Rd1+ 29. Kf2 Nd8 30. b5 axb5 31. Rxb5 e4 32. Nd6 Rd2+ 33. Ke3 Rxg2
34. Kxe4 Rxh2 35. Nxb7 f5+ 36. Kf3 g5 37. Kg3 Rd2 38. Nd6 f4+ 39. Kg4 Rg2+ 40.
Kf3 Rg3+ 41. Kf2 Rh3 42. Rb6 h5 43. Nf5+ Kd7 44. Nd4 g4 45. Rf6 f3 46. c6+ Nxc6
47. Nxc6 Rh2+ 48. Kf1 Rxb2 49. Nd4 h4 50. Nxf3 gxf3 1/2-1/2

[Event "Manhem IM Swiss (Manhem 90 years)"]
[Site "?"]
[Date "1996.08.18"]
[Round "9"]
[White "Hellsten, Johan"]
[Black "Ingbrandt, Johan"]
[Result "1-0"]
[WhiteElo "2490"]
[BlackElo "2355"]
[PlyCount "81"]
[EventDate "1996.08.12"]
[EventType "swiss"]
[EventRounds "9"]

1. d4 d5 2. c4 c6 3. Nf3 Nf6 4. Qc2 dxc4 5. Qxc4 Bf5 6. g3 e6 7. Bg2 Be7 8. O-O
Nbd7 9. Nc3 O-O 10. e3 Ne4 11. Qe2 Nxc3 12. bxc3 Be4 13. Rd1 Qa5 14. c4 c5 15.
a4 Bf6 16. Ne5 Nxe5 17. Bxe4 cxd4 18. exd4 Nc6 19. Bb2 Rfe8 20. Qc2 Rad8 21.
Rab1 Nxd4 22. Bxh7+ Kh8 23. Bxd4 Bxd4 24. Be4 Qh5 25. Bxb7 Rd6 26. Kg2 g5 27.
c5 Bxc5 28. Qxc5 Rxd1 29. Bf3 Qxf3+ 30. Kxf3 Rxb1 31. Qe5+ Kg8 32. Qxg5+ Kf8
33. h4 Rd1 34. g4 Rd5 35. Qf6 e5 36. h5 Re6 37. Qh8+ Ke7 38. h6 e4+ 39. Ke2 e3
40. fxe3 Rd8 41. Qg7 1-0

[Event "Manhem IM Swiss (Manhem 90 years)"]
[Site "?"]
[Date "1996.08.18"]
[Round "9"]
[White "Berg, Emanuel"]
[Black "Haveland, Bjorn"]
[Result "1-0"]
[WhiteElo "2215"]
[BlackElo "1855"]
[PlyCount "81"]
[EventDate "1996.08.12"]
[EventType "swiss"]
[EventRounds "9"]

1. e4 e5 2. Nf3 Nf6 3. Nc3 Bb4 4. Nxe5 O-O 5. Be2 d6 6. Nf3 Bxc3 7. dxc3 Nxe4
8. O-O d5 9. c4 dxc4 10. Qxd8 Rxd8 11. Bxc4 Nd6 12. Bb3 Nc6 13. Bf4 Bg4 14. Ne5
Nxe5 15. Bxe5 Rd7 16. f3 Bf5 17. Rfe1 Kf8 18. h4 h5 19. Rad1 Rad8 20. Kf2 Be6
21. Bxe6 fxe6 22. b3 g6 23. Bf6 Ne4+ 24. Rxe4 Rxd1 25. Bxd8 Rxd8 26. Rxe6 Rd2+
27. Re2 Rd4 28. g3 Kf7 29. Ke3 Rd5 30. Rd2 Re5+ 31. Kf4 Re7 32. Rd8 a5 33. Rd5
b6 34. Kg5 Kg7 35. f4 Kf7 36. f5 gxf5 37. Rxf5+ Ke6 38. Kg6 Re8 39. Rf6+ Ke5
40. Rf7 c5 41. Kxh5 1-0

[Event "Manhem IM Swiss (Manhem 90 years)"]
[Site "?"]
[Date "1996.08.18"]
[Round "9"]
[White "Moberg, Karl Johan"]
[Black "Nei, Iivo"]
[Result "1-0"]
[WhiteElo "2390"]
[BlackElo "2380"]
[PlyCount "75"]
[EventDate "1996.08.12"]
[EventType "swiss"]
[EventRounds "9"]

1. e4 e5 2. Nf3 Nc6 3. Bb5 a6 4. Ba4 Nf6 5. O-O Be7 6. Re1 b5 7. Bb3 d6 8. c3
O-O 9. h3 Be6 10. d4 Bxb3 11. axb3 exd4 12. cxd4 Nb4 13. d5 c5 14. dxc6 d5 15.
e5 Ne4 16. Nd4 Bc5 17. Be3 Bxd4 18. Bxd4 Nxc6 19. f3 Ng5 20. Bc5 Re8 21. Bd6 d4
22. f4 Ne6 23. Qf3 Qd7 24. Nd2 f6 25. f5 fxe5 26. Qd5 Rad8 27. Ne4 Nb4 28. fxe6
Rxe6 29. Qxe6+ Qxe6 30. Bxb4 Qxb3 31. Bd6 d3 32. Bxe5 d2 33. Nxd2 Rxd2 34. Bc3
Rd7 35. Rxa6 h6 36. Rae6 Qc4 37. Kh1 Qc5 38. R6e5 {Black lost on time.} 1-0

[Event "Manhem IM Swiss (Manhem 90 years)"]
[Site "?"]
[Date "1996.08.18"]
[Round "9"]
[White "Ivanov, Michail"]
[Black "Trolle, Gustav"]
[Result "1-0"]
[WhiteElo "2465"]
[BlackElo "2170"]
[PlyCount "65"]
[EventDate "1996.08.12"]
[EventType "swiss"]
[EventRounds "9"]

1. Nf3 c5 2. c4 g6 3. d4 cxd4 4. Nxd4 Bg7 5. e4 Nf6 6. Nc3 O-O 7. Be3 Nc6 8.
Be2 Nxd4 9. Bxd4 d6 10. Rc1 b6 11. O-O Bb7 12. Bd3 Rc8 13. b3 e6 14. f3 Qc7 15.
Kh1 Qb8 16. Qd2 d5 17. cxd5 Ng4 18. Bg1 Ne5 19. Be2 Rfd8 20. f4 Nc6 21. Bg4 Ba6
22. Rfd1 Ne7 23. d6 f5 24. Bf3 fxe4 25. Nxe4 Nd5 26. Bg4 Rxd6 27. Nxd6 Qxd6 28.
Bxe6+ Qxe6 29. Rxc8+ Bxc8 30. Qxd5 Bh6 31. Qd8+ Kf7 32. Rc1 Bxf4 33. Rxc8 1-0

[Event "Manhem IM Swiss (Manhem 90 years)"]
[Site "?"]
[Date "1996.08.18"]
[Round "9"]
[White "Andersson, Goran"]
[Black "Rambo, Jan"]
[Result "1-0"]
[WhiteElo "2205"]
[BlackElo "1790"]
[PlyCount "65"]
[EventDate "1996.08.12"]
[EventType "swiss"]
[EventRounds "9"]

1. e4 e5 2. Nf3 Nc6 3. Bb5 a6 4. Ba4 Nf6 5. O-O Be7 6. Re1 b5 7. Bb3 d6 8. c3
O-O 9. h3 Na5 10. Bc2 c5 11. d4 Nd7 12. dxe5 dxe5 13. Nbd2 f6 14. Nf1 Nb6 15.
Qe2 Be6 16. Ne3 Ra7 17. Rd1 Rd7 18. Rxd7 Qxd7 19. b3 Rd8 20. Bb2 Qc6 21. g4 Qc8
22. Kh2 Nc6 23. Rg1 g5 24. Nd2 b4 25. c4 Nd4 26. Bxd4 exd4 27. Nd5 Bd6+ 28. Kg2
Nxd5 29. exd5 Bf7 30. Ne4 Be5 31. Nxg5 Bg6 32. Bxg6 hxg6 33. Qe4 1-0

[Event "Manhem IM Swiss (Manhem 90 years)"]
[Site "?"]
[Date "1996.08.18"]
[Round "9"]
[White "Svensson, Bengt"]
[Black "Rychagov, Mikhail"]
[Result "0-1"]
[WhiteElo "2405"]
[BlackElo "2495"]
[PlyCount "64"]
[EventDate "1996.08.12"]
[EventType "swiss"]
[EventRounds "9"]

1. e4 c5 2. Nf3 d6 3. d4 Nf6 4. Nc3 cxd4 5. Nxd4 a6 6. Bg5 e6 7. f4 Qc7 8. Qf3
b5 9. Bxf6 gxf6 10. e5 d5 11. exf6 b4 12. Nce2 Nd7 13. f5 e5 14. Ne6 fxe6 15.
fxe6 Nxf6 16. Qxf6 Bg7 17. Qf5 Rf8 18. Qh5+ Kd8 19. Qxh7 Bxe6 20. Qh4+ Qe7 21.
Qxe7+ Kxe7 22. g3 Rac8 23. c3 bxc3 24. bxc3 Rb8 25. Rd1 Rb2 26. Rd2 Rxd2 27.
Kxd2 Bh6+ 28. Kd1 Rb8 29. Ke1 Be3 30. Ng1 Bg4 31. Bd3 e4 32. Bc2 Rb2 0-1

[Event "Manhem IM Swiss (Manhem 90 years)"]
[Site "?"]
[Date "1996.08.18"]
[Round "9"]
[White "Backlund, Anders"]
[Black "Gullaksen, Eirik"]
[Result "1/2-1/2"]
[WhiteElo "2190"]
[BlackElo "2325"]
[PlyCount "63"]
[EventDate "1996.08.12"]
[EventType "swiss"]
[EventRounds "9"]

1. e4 c5 2. Nf3 Nc6 3. d4 cxd4 4. Nxd4 e5 5. Nb5 d6 6. N1c3 a6 7. Na3 b5 8. Nd5
Be7 9. c4 b4 10. Nc2 Rb8 11. b3 Nf6 12. Bd3 O-O 13. O-O Nd7 14. a3 bxa3 15. b4
Nb6 16. Bxa3 f5 17. exf5 Nxd5 18. cxd5 Na7 19. Qh5 Bf6 20. Be4 Nb5 21. Bb2 Qc7
22. Ne3 Nd4 23. Bxd4 exd4 24. Ng4 Rxb4 25. Nxf6+ gxf6 26. Bd3 Bb7 27. Qg4+ Kh8
28. Qe4 Qf7 29. Qe6 Bxd5 30. Qxd6 Rbb8 31. Rxa6 Rbd8 32. Qf4 1/2-1/2

[Event "Manhem IM Swiss (Manhem 90 years)"]
[Site "?"]
[Date "1996.08.18"]
[Round "9"]
[White "Liljedahl, Lennart"]
[Black "Wallace, John Paul"]
[Result "1/2-1/2"]
[WhiteElo "2320"]
[BlackElo "2365"]
[PlyCount "60"]
[EventDate "1996.08.12"]
[EventType "swiss"]
[EventRounds "9"]

1. e4 Nf6 2. d3 e5 3. Nf3 Nc6 4. Be2 d5 5. exd5 Qxd5 6. O-O Bf5 7. Nc3 Qd7 8.
a3 Bd6 9. Nd2 O-O 10. Bf3 Rad8 11. Nc4 h6 12. Be3 a6 13. Ne4 Nh7 14. Nexd6 cxd6
15. Nb6 Qe6 16. Bd5 Qg6 17. Kh1 Nf6 18. f3 Nxd5 19. Nxd5 Be6 20. c4 f5 21. Qb3
Qf7 22. Nb6 d5 23. cxd5 Bxd5 24. Qc3 Kh8 25. Rad1 Nd4 26. Rde1 Bc6 27. Nc4 Qd5
28. Bxd4 exd4 29. Qb4 Rfe8 30. Rxe8+ Rxe8 1/2-1/2

[Event "Manhem IM Swiss (Manhem 90 years)"]
[Site "?"]
[Date "1996.08.18"]
[Round "9"]
[White "Ronneland, Daniel"]
[Black "Vark, Liina"]
[Result "1-0"]
[WhiteElo "2190"]
[BlackElo "2040"]
[PlyCount "51"]
[EventDate "1996.08.12"]
[EventType "swiss"]
[EventRounds "9"]

1. d4 Nf6 2. c4 g6 3. Nc3 d5 4. cxd5 Nxd5 5. e4 Nxc3 6. bxc3 Bg7 7. Nf3 c5 8.
Be2 O-O 9. Rb1 Nc6 10. d5 Bxc3+ 11. Bd2 Bxd2+ 12. Qxd2 Nd4 13. Nxd4 cxd4 14.
Qxd4 Qa5+ 15. Qd2 Qa4 16. Rb4 Qa5 17. O-O Bd7 18. Rfb1 b6 19. e5 e6 20. Qh6 f5
21. exf6 Rxf6 22. Rh4 Rf7 23. Bd3 Qc5 24. Rf1 Qe7 25. Bxg6 Rg7 26. d6 1-0

[Event "Manhem IM Swiss (Manhem 90 years)"]
[Site "?"]
[Date "1996.08.18"]
[Round "9"]
[White "Hultin, Johan"]
[Black "Pisulinski, Jan"]
[Result "0-1"]
[WhiteElo "2335"]
[BlackElo "2400"]
[PlyCount "48"]
[EventDate "1996.08.12"]
[EventType "swiss"]
[EventRounds "9"]

1. d4 Nf6 2. c4 c5 3. d5 b5 4. cxb5 a6 5. f3 axb5 6. e4 Qa5+ 7. b4 Qxb4+ 8. Bd2
Qa4 9. Qc1 b4 10. Qxc5 Na6 11. Qc4 e6 12. Nc3 Qa5 13. Nb5 Bc5 14. d6 O-O 15. e5
Nd5 16. Bd3 Bb7 17. Qh4 g6 18. Qh6 Bxg1 19. Rxg1 Qb6 20. Ke2 Nc5 21. Be3 Ba6
22. Rgc1 Bxb5 23. Rxc5 Bxd3+ 24. Kxd3 Ra3+ 0-1

[Event "Manhem IM Swiss (Manhem 90 years)"]
[Site "?"]
[Date "1996.08.18"]
[Round "9"]
[White "Laveryd, Peter"]
[Black "Gdanski, Jacek"]
[Result "1/2-1/2"]
[WhiteElo "2310"]
[BlackElo "2485"]
[PlyCount "45"]
[EventDate "1996.08.12"]
[EventType "swiss"]
[EventRounds "9"]

1. e4 c5 2. Nf3 e6 3. d4 cxd4 4. Nxd4 Nc6 5. Nc3 Qc7 6. g3 a6 7. Bg2 d6 8. O-O
Bd7 9. Nde2 Nf6 10. h3 Be7 11. Kh1 b5 12. a3 Rc8 13. Be3 O-O 14. g4 d5 15. exd5
Nxd5 16. Nxd5 exd5 17. Nc3 d4 18. Nd5 Qd8 19. Bxd4 Nxd4 20. Qxd4 Be6 21. Rad1
Bxd5 22. Bxd5 Rxc2 23. Qa7 1/2-1/2